| 000 | 00768nam a22001695i 4500 | ||
|---|---|---|---|
| 001 | 159130 | ||
| 003 | ES-MaACL | ||
| 005 | 20230906211447.0 | ||
| 008 | 041005s1854 fr |||| | fre d | ||
| 040 |
_aCAM _bspa _cCAM |
||
| 100 | 1 |
_aMasurel, Louis-Jules. _9129713 |
|
| 245 | 1 | 4 |
_aDes fièvres intermittentes miasmatiques ou légitimes de leur natures et de leur traitement _b: nouvelle théorie de l'intermittence / _cpar L.-J. Masurel. |
| 260 |
_aParis : _bGermer Baillière, _c1854 ( _fImprimerie de Pilloy) |
||
| 300 |
_aVIII, 128 p. ; _c22 cm. |
||
| 650 | 4 |
_aFiebre. _9136106 |
|
| 852 |
_aES-MaACL _jR-1370(4) _z-- Enc. hol. _q-- Falto de la cub. original _z-- Enc. en un vol. facticio formando parte de la Colección de memorias médicas _z.- Donat. Mateo Seoane |
||
| 999 |
_c159130 _d159130 |
||